000 00808nam a2200229Ia 4500
005 20250108124843.0
008 008 250107s9999 xx 000 0 hin d
020 _a978-93-5072-931-1
037 _aTB
040 _aCRL
_bhin
_cCRL
041 _ahin
_2hin
084 _aw2,N R2
084 _qCRL
100 _aवर्मा, रेणु, ले.
245 0 _aसाहित्यिक निबन्ध
_cवर्मा, रेणु, ले.
260 _aजयपुर, भारत
_bराजस्थान हिन्दी ग्रन्थ अकादमी
_c2445
300 _a484पृ0
365 _aINR
_b195
650 _aहिन्दी निबंधहिन्दी साहित्य
_9729733
942 _cTB
_hw2,N R2
999 _c1234833
_d1234833